Sitz internationaler Organisationen - Statistiken

Allgemein
  • Dieses Quiz wurde 80 mal gespielt
  • Das Durchschnittsergebnis liegt bei 9 aus 20
Antwortstatistiken
Hint Antwort % Korrekt
UNO (Vereinte Nationen) New York
90%
Katholische Kirche Vatikan (Rom)
89%
EZB (Europäische Zentralbank) Frankfurt am Main
85%
Europäische Union - Parlament Straßburg
85%
IStGH (Internationaler Strafgerichtshof) Den Haag
72%
Nato (North Atlantic Treaty Organization) Brüssel
62%
FIFA (Internationaler Verband des Association Football) Zürich
58%
CERN (Europäische Organisation für Kernforschung) Meyrin (Genf)
52%
Afrikanische Union Addis Abeba
37%
IOC (Internationales Olympisches Komitee) Lausanne
37%
UEFA (Union of European Football Associations) Nyon
31%
WHO (Weltgesundheitsorganisation) Genf
28%
ASEAN (Verband Südostasiatischer Nationen) Jakarta
28%
OPEC (Organisation erdölexportierender Länder) Wien
28%
UNESCO (Organisation der Vereinten Nationen für Bildung, Wissenschaft und Kultur) Paris
25%
ESA (European Space Agency) Paris
25%
IWF (Internationaler Währungsfond) Washington D.C.
24%
MERCOSUR (Gemeinsamer Markt des Südens) Montevideo
15%
Sozialistische Internationale London
13%
IEEE (Institute of Electrical and Electronics Engineers) New York
13%
Keine übereinstimmenden Quizze gefunden
Verteilung der Resultate
Anzahl Personen mit jedem Resultat
Perzentil nach korrekt beantworteten Fragen
Ihre Resultats-Entwicklung
Sie haben dieses Quiz noch nicht gespielt